Statistiques concernant Culture Générale - Série 1793

Cliquez ici pour prendre le quiz!

Statistiques générales

  • Ce quiz a été pris 68 fois
  • Le résultat moyen est 4 sur 10

Statistiques - réponses

Question Réponse % Correct
Lequel de vos cinq sens est concerné si vous souffrez d'anosmie ?odorat
91%
Quel scientifique britannique est célèbre pour sa loi de la gravitation ?Isaac Newton
78%
Quel partie du corps humain comprend le bulbe rachidien ?cerveau
71%
Le sampan est un bateau à fond plat, à voile unique, servant aussi d'habitation, d'origine ....chinoise
49%
Quel adjectif de 8 lettres et commençant par la lettre C désigne un parfum enivrant ?capiteux
29%
Comment appelle-t-on la bave de certains animaux, dont le cheval ?écume
20%
Quel autre nom désigne également la marée montante ?flux
20%
Comment s'appelle le vent du nord nord-est qui souffle sur la mer Adriatique, la mer Noire, la Grèce et la Turquie ?bora
6%
Quel adjectif se rapporte à un chien ou un cheval dont la robe est dépourvue de poils blancs ?zain
6%
Quel nom donne-t-on à la larve du ver ténia ?cénure
0%

Distribution des résultats

Percentile par nombre de réponses

% des personnes avec chaque résultat

Votre développement - résultats

Vous n’avez pas pris ce quiz